[Event "FIDE WCh Women KO"]
[Site "New Delhi IND"]
[Date "2000.11.27"]
[Round "1.1"]
[White "Matveeva,S"]
[Black "Uskova,F"]
[Result "1-0"]
[WhiteElo "2440"]
[BlackElo "2285"]
[EventDate "2000.11.27"]

1. d4 e6 2. c4 c5 3. d5 exd5 4. cxd5 d6 5. Nc3 g6 6. e4 Bg7 7. Bd3 a6 8. a4
Ne7 9. Nge2 O-O 10. O-O f5 11. Nf4 Kh8 12. Bd2 fxe4 13. Nxe4 Nf5 14. Ne6
Bxe6 15. dxe6 Nc6 16. Ng5 Qe7 17. Nf7+ Rxf7 18. exf7 Qxf7 19. Rb1 Nfd4 20.
Re1 Rf8 21. f4 b5 22. b3 d5 23. Kh1 c4 24. bxc4 bxc4 25. Bf1 a5 26. g3 Nf5
27. Bg2 c3 28. Bxc3 Bxc3 29. Bxd5 Qc7 30. Re4 Nd6 31. Re3 Bd4 32. Rd3 Nf5
33. Rc1 Ne3 34. Qf3 Nf5 35. Rxc6 Qg7 36. Be4 Rb8 37. Rc1 Nd6 38. Rcd1 Rb4
39. Bc6 Nf5 40. Re1 Qf7 41. Qe4 Kg7 42. Bd5 Qf8 43. Rb3 Bc3 44. Rxb4 axb4
45. Rd1 Qc5 46. Bb3 Nd4 47. Qb7+ Kh6 48. Bg8 Qc6+ 49. Qxc6 Nxc6 50. Rd7 Kh5
51. Rxh7+ Kg4 52. Be6+ 1-0

[Event "FIDE WCh Women KO"]
[Site "New Delhi IND"]
[Date "2000.11.27"]
[Round "1.1"]
[White "Cramling,P"]
[Black "Lakos,N"]
[Result "1/2-1/2"]
[WhiteElo "2484"]
[BlackElo "2327"]
[EventDate "2000.11.27"]

1. d4 Nf6 2. c4 e6 3. Nc3 Bb4 4. Qc2 O-O 5. e4 d5 6. e5 Ne4 7. Bd3 c5 8.
cxd5 exd5 9. Nge2 Nc6 10. O-O Bf5 11. f3 c4 12. fxe4 cxd3 13. Qxd3 dxe4 14.
Qg3 Bg6 15. Be3 Ne7 16. Rad1 Bxc3 17. bxc3 Qd5 18. Rd2 Qc4 19. Rc1 Nd5 20.
Nf4 Nxf4 21. Bxf4 Rfd8 22. Rb2 b6 23. Qf2 Rac8 24. Qf1 f6 25. Qxc4+ Rxc4
26. Rb4 Bf7 27. Rxc4 Bxc4 28. exf6 gxf6 29. Kf2 Kf7 30. Ke3 f5 31. Rc2 Ke6
32. Rf2 Rc8 33. g4 fxg4 34. Kxe4 Bd5+ 35. Kd3 Bc4+ 36. Ke4 Bd5+ 37. Kd3
Bc4+ 38. Ke4 Bd5+ 39. Kd3 1/2-1/2

[Event "FIDE WCh Women KO"]
[Site "New Delhi IND"]
[Date "2000.11.27"]
[Round "1.1"]
[White "Zayac,E"]
[Black "Meenakshi,S"]
[Result "1/2-1/2"]
[WhiteElo "2378"]
[BlackElo "2226"]
[EventDate "2000.11.27"]

1. d4 d5 2. c4 c6 3. Nf3 Nf6 4. e3 g6 5. Nc3 Bg7 6. Bd3 O-O 7. O-O Bf5 8.
Bxf5 gxf5 9. cxd5 cxd5 10. Qb3 b6 11. Ne5 e6 12. Ne2 Nbd7 13. Nd3 Ne4 14.
f3 Nd6 15. Qb4 Nf6 16. b3 a5 17. Qe1 Kh8 18. a4 Nh5 19. Ra2 Bf6 20. Nef4
Nxf4 21. Nxf4 Rg8 22. Ba3 Be7 23. Rc2 Rc8 24. Rff2 Qd7 25. Nd3 f6 26. Qc1
Rxc2 27. Rxc2 Rc8 28. Nf4 Kg8 29. Nd3 Kf7 30. Kf1 Rxc2 31. Qxc2 Qc8 32.
Qxc8 Nxc8 33. Bxe7 Nxe7 34. Ke2 Nc6 35. Nf4 Ke7 36. Kd2 Kd6 37. Nh5 Ke7 38.
Kc3 Nb4 39. Ng3 Na2+ 40. Kd2 Nb4 41. Nh5 Kf7 42. Ng3 Ke7 43. Kc3 1/2-1/2

[Event "FIDE WCh Women KO"]
[Site "New Delhi IND"]
[Date "2000.11.27"]
[Round "1.1"]
[White "Xu Yuhua"]
[Black "Amura,C"]
[Result "1/2-1/2"]
[WhiteElo "2505"]
[BlackElo "2351"]
[EventDate "2000.11.27"]

1. e4 c5 2. Nf3 e6 3. Nc3 Nc6 4. Bb5 Nge7 5. O-O Ng6 6. Re1 Be7 7. d4 cxd4
8. Nxd4 O-O 9. Be3 Qc7 10. Bf1 a6 11. Na4 b5 12. Nxc6 Qxc6 13. Nb6 Rb8 14.
Nxc8 Rbxc8 15. c3 Qxe4 16. Qxd7 Rfd8 17. Qa7 Ra8 18. Qb6 Nf4 19. Qa5 Nd3
20. Re2 Nf4 21. Bxf4 Qxf4 22. g3 Qd6 23. a4 b4 24. Re4 bxc3 25. bxc3 Qd5
26. Qxd5 Rxd5 27. Rc4 Rad8 28. Rb1 g6 29. Rb7 Bd6 30. Rc6 a5 31. Rb5 Rf5
32. Be2 Ba3 33. g4 Rf4 34. Rxa5 Rd2 35. Kf1 Re4 36. Bf3 Rf4 37. Kg2 Rd3 38.
Rc8+ Kg7 39. Be2 Rd2 40. Bf3 Rd3 41. Be2 Rd2 42. Kf1 Re4 43. Bf3 Rf4 44.
Be2 Re4 45. Bf3 1/2-1/2

[Event "FIDE WCh Women KO"]
[Site "New Delhi IND"]
[Date "2000.11.27"]
[Round "1.1"]
[White "Khurtsidze,N"]
[Black "Khan,A"]
[Result "0-1"]
[WhiteElo "2418"]
[BlackElo "2257"]
[EventDate "2000.11.27"]

1. d4 d5 2. c4 c6 3. Nc3 Nf6 4. Nf3 dxc4 5. a4 Bf5 6. Ne5 Nbd7 7. Nxc4 Qc7
8. g3 e5 9. dxe5 Nxe5 10. Bf4 Nfd7 11. Bg2 f6 12. Nxe5 Nxe5 13. O-O Rd8 14.
Qb3 Qf7 15. Qxf7+ Kxf7 16. a5 a6 17. Ne4 Ng6 18. Be3 Rd5 19. Nc3 Re5 20.
Bd4 Re8 21. e4 Be6 22. f4 Bc4 23. Rfc1 Bd3 24. Bb6 Bb4 25. Rd1 Bc2 26. Rd4
c5 27. Rd7+ Re7 28. Rxe7+ Nxe7 29. Nd5 Nc6 30. Rc1 Bb3 31. Nxb4 cxb4 32.
Kf2 Re8 33. Ke3 Re7 34. Bc5 Rd7 35. Bh3 Be6 36. Bxe6+ Kxe6 37. Bb6 f5 38.
exf5+ Kxf5 39. Rc5+ Kf6 40. g4 Re7+ 41. Kf2 Rd7 42. Rf5+ Ke6 43. Ke2 Rd4
44. Rf8 Rc4 45. Kd3 Rc1 46. Re8+ Kf7 47. Re2 b3 48. Rd2 Ke7 49. Bd4 Rf1 50.
Bc5+ Kf7 51. Kc3 Rc1+ 0-1

[Event "FIDE WCh Women KO"]
[Site "New Delhi IND"]
[Date "2000.11.27"]
[Round "1.1"]
[White "Zhukova,N"]
[Black "Sziva,E"]
[Result "1-0"]
[WhiteElo "2450"]
[BlackElo "2311"]
[EventDate "2000.11.27"]

1. d4 Nf6 2. c4 g6 3. Nc3 Bg7 4. e4 d6 5. f3 O-O 6. Nge2 c5 7. d5 e6 8. Ng3
exd5 9. cxd5 Nbd7 10. Be2 a6 11. a4 h5 12. Bg5 Qa5 13. Nf1 Re8 14. Nd2 Nh7
15. Nc4 Qc7 16. Bf4 Ne5 17. Bxe5 Bxe5 18. Nxe5 Rxe5 19. O-O f5 20. Qe1 f4
21. Nb1 Rb8 22. Na3 Re8 23. Qd2 Rf8 24. Rfc1 Qe7 25. b4 b6 26. Rab1 Bd7 27.
Bxa6 Ra8 28. b5 g5 29. Nc4 Rab8 30. Re1 Qf6 31. e5 dxe5 32. Nxe5 Rbd8 33.
Rbd1 g4 34. Bb7 Ng5 35. d6 Be6 36. Qe2 g3 37. Nc6 Bb3 38. Nxd8 Bxd1 39.
Qxd1 Rxd8 40. d7 Nf7 41. Bc6 Kg7 42. Qd5 Qb2 43. Kh1 Qb4 44. Qe4 Qd2 45.
hxg3 fxg3 46. Qe3 Qb2 47. f4 h4 48. Qe6 Qf6 49. Qxf6+ Kxf6 50. Kg1 c4 51.
Kf1 Nd6 52. Ke2 Nf5 53. Kd2 h3 54. gxh3 g2 55. Rg1 Nh4 56. Kc3 Kf5 57. Kxc4
Kxf4 58. Kd5 1-0

[Event "FIDE WCh Women KO"]
[Site "New Delhi IND"]
[Date "2000.11.27"]
[Round "1.1"]
[White "Vasilevich,T"]
[Black "Nguyen Thi Thanh An"]
[Result "1-0"]
[WhiteElo "2429"]
[BlackElo "2281"]
[EventDate "2000.11.27"]

1. d4 Nf6 2. c4 g6 3. Nc3 Bg7 4. e4 d6 5. Nf3 O-O 6. Be2 e5 7. O-O Nc6 8.
d5 Ne7 9. b4 a5 10. bxa5 Rxa5 11. a4 b6 12. Ba3 Ne8 13. Bb4 Ra8 14. a5 bxa5
15. Bxa5 f5 16. Nd2 f4 17. Qb3 Ba6 18. Rfb1 h5 19. Ra4 Kh7 20. Qa3 Bh6 21.
Bb4 Bb7 22. c5 Rxa4 23. Nxa4 Bxd5 24. exd5 Nxd5 25. cxd6 cxd6 26. Nc4 Rf6
27. Ba5 Qc8 28. Qd3 Qe6 29. Bf3 Ne7 30. Nc3 Nf5 31. Rb7+ Kh8 32. Bd5 Qc8
33. Ne4 Rf8 34. h3 Nf6 35. Nxf6 Rxf6 36. Bc7 Bf8 37. Nb6 Qe8 38. Be4 Nd4
39. Rb8 Qb5 40. Qxb5 Nxb5 41. Nd7 Nxc7 1-0

[Event "FIDE WCh Women KO"]
[Site "New Delhi IND"]
[Date "2000.11.27"]
[Round "1.1"]
[White "Zielinska,Mar"]
[Black "Charest,J"]
[Result "1-0"]
[WhiteElo "2376"]
[BlackElo "2136"]
[EventDate "2000.11.27"]

1. d4 d5 2. c4 e6 3. Nf3 c5 4. cxd5 exd5 5. g3 Nc6 6. Bg2 Nf6 7. O-O Be7 8.
Nc3 h6 9. Bf4 a6 10. Rc1 O-O 11. dxc5 Bxc5 12. Ne5 Bd6 13. Nxc6 bxc6 14.
Bxd6 Qxd6 15. Qc2 Rb8 16. Na4 Bg4 17. h3 Bd7 18. Nc3 Bc8 19. b3 a5 20. Rfd1
Qc7 21. e3 Re8 22. Rd4 Qa7 23. Na4 Bd7 24. Qc5 Qxc5 25. Nxc5 Bc8 26. Ra4
Ra8 27. g4 Nd7 28. Nxd7 Bxd7 29. Rc5 Kf8 30. Raxa5 Rxa5 31. Rxa5 Rb8 32.
Kf1 Ke7 33. Ke2 Kd6 34. Ra7 Be6 35. Kd2 Kc5 36. Kc3 Kd6 37. b4 Bd7 38. a4
Be6 39. Ra5 Bd7 40. Rc5 Ra8 41. Kb3 Rd8 42. Rc1 Rb8 43. Ka3 Ra8 44. Rd1 Kc7
45. a5 Ra7 46. e4 dxe4 47. Bxe4 Kb8 48. Rc1 Rc7 49. Kb3 Be6+ 50. Kc3 Bd7
51. Kd4 Rc8 52. Kc5 Kc7 53. Rd1 Rb8 54. Rxd7+ 1-0

[Event "FIDE WCh Women KO"]
[Site "New Delhi IND"]
[Date "2000.11.27"]
[Round "1.1"]
[White "Wang Lei"]
[Black "Stjazhkina,O"]
[Result "1-0"]
[WhiteElo "2498"]
[BlackElo "2337"]
[EventDate "2000.11.27"]

1. d4 d6 2. c4 e5 3. Nf3 e4 4. Ng5 f5 5. g3 h6 6. Nh3 g5 7. Bg2 Bg7 8. f3
Nf6 9. O-O O-O 10. Nc3 exf3 11. exf3 Nc6 12. f4 g4 13. Nf2 h5 14. d5 Ne7
15. Qd3 h4 16. Bd2 Bd7 17. Rad1 Qe8 18. Nb5 Bxb5 19. cxb5 h3 20. Bh1 Qf7
21. Ba5 Ne8 22. Rd2 Rc8 23. Re1 Bf6 24. Nd1 Ng7 25. Ne3 Rfe8 26. Kf1 Qh5
27. Rc2 b6 28. Bb4 Ng6 29. Rec1 Nxf4 30. gxf4 Qg6 31. Be1 Re7 32. Bg3 Rce8
33. Re1 Qh5 34. Rce2 Qg6 35. b3 Qh5 36. Nc2 Rxe2 37. Rxe2 Rf8 38. Nd4 Bxd4
39. Qxd4 Rf7 40. Be1 Qh6 41. Re6 Nxe6 42. dxe6 Rh7 43. Bc3 Re7 44. Qe3 Kf8
45. Bd5 Rh7 46. Bd4 Ke7 47. Qc1 Kd8 48. Bf2 Qf6 49. Qc6 Qa1+ 50. Ke2 Qb2+
51. Ke3 Qf6 52. Kd3 Qh6 53. Qa8+ Ke7 54. Qc8 Qxf4 55. Qd7+ Kf6 56. Bd4+
Qxd4+ 57. Kxd4 Rxd7 58. exd7 Ke7 59. Ke3 1-0

[Event "FIDE WCh Women KO"]
[Site "New Delhi IND"]
[Date "2000.11.27"]
[Round "1.1"]
[White "Peng Zhaoqin"]
[Black "Thipsay,B"]
[Result "1-0"]
[WhiteElo "2403"]
[BlackElo "2237"]
[EventDate "2000.11.27"]

1. d4 f5 2. Nf3 Nf6 3. g3 e6 4. Bg2 d5 5. O-O Bd6 6. b3 Qe7 7. c4 c6 8. a4
a5 9. Ba3 Bxa3 10. Nxa3 O-O 11. Nc2 Nbd7 12. Ne3 Ne4 13. Qc2 Qf6 14. Qb2
Qh6 15. Rad1 Ndf6 16. Qc1 Qh5 17. Ne5 Bd7 18. f3 Nd6 19. Nc2 Qe8 20. c5 Nf7
21. Ne1 Qe7 22. Nxf7 Rxf7 23. Nd3 Rff8 24. Qf4 Ne8 25. Rde1 Qf6 26. Ne5 Bc8
27. Qd2 Qd8 28. e4 Nf6 29. exf5 exf5 30. Rf2 Bd7 31. Rfe2 Kh8 32. Bh3 Ng8
33. Qf4 Be8 34. Nd3 Bg6 35. Qd2 Rf6 36. Re5 Qf8 37. Nf4 Be8 38. Ne6 Qf7 39.
Ng5 Qg6 40. Bf1 h6 41. Nh3 Bd7 42. Bd3 Qf7 43. Bc2 g6 44. Re7 Nxe7 45.
Qxh6+ Kg8 46. Ng5 1-0

[Event "FIDE WCh Women KO"]
[Site "New Delhi IND"]
[Date "2000.11.27"]
[Round "1.1"]
[White "Calzetta,M"]
[Black "Peptan,C"]
[Result "0-1"]
[WhiteElo "2282"]
[BlackElo "2433"]
[EventDate "2000.11.27"]

1. e4 c5 2. Nf3 d6 3. d4 cxd4 4. Nxd4 Nf6 5. Nc3 a6 6. Be3 e5 7. Nb3 Be7 8.
f3 Be6 9. Qd2 Nbd7 10. g4 O-O 11. g5 Nh5 12. O-O-O Qc7 13. Kb1 b5 14. Nd5
Bxd5 15. exd5 Nb6 16. Na5 Nxd5 17. Qxd5 Qxa5 18. c4 Rab8 19. Bd3 g6 20.
Rhe1 Rfc8 21. cxb5 axb5 22. h4 Qa4 23. b3 Qb4 24. f4 Nxf4 25. Bxf4 Qxf4 26.
Rf1 Rc5 27. Qh1 Qg4 28. Be4 Kg7 29. Bd5 Rf8 30. Rf2 f5 31. gxf6+ Rxf6 32.
Rxf6 Bxf6 33. Rf1 Qe2 34. Be4 d5 35. Re1 Qf2 36. Rf1 Qd4 37. Qf3 Qxe4+ 0-1

[Event "FIDE WCh Women KO"]
[Site "New Delhi IND"]
[Date "2000.11.27"]
[Round "1.1"]
[White "Koskela,N"]
[Black "Vijayalakshmi,S"]
[Result "1-0"]
[WhiteElo "2191"]
[BlackElo "2378"]
[EventDate "2000.11.27"]

1. e4 e5 2. Nf3 Nc6 3. Bc4 Bc5 4. c3 Nf6 5. d3 d6 6. O-O O-O 7. Bb3 Bb6 8.
Nbd2 Bg4 9. h3 Be6 10. Bc2 h6 11. Re1 Nh7 12. Nf1 Qf6 13. Qe2 Ne7 14. Ng3
Ng5 15. Nh2 Qg6 16. d4 f5 17. Bxg5 hxg5 18. exf5 Nxf5 19. Nxf5 Bxf5 20.
Bxf5 Rxf5 21. Qe4 exd4 22. cxd4 d5 23. Qd3 Raf8 24. Ng4 Qd6 25. Re2 Rf4 26.
Rae1 Rxd4 27. Qc2 Qc6 28. Qb1 Rdf4 29. Re6 Qd7 30. Qg6 1-0

[Event "FIDE WCh Women KO"]
[Site "New Delhi IND"]
[Date "2000.11.27"]
[Round "1.1"]
[White "Klinova,M"]
[Black "Qin Kanying"]
[Result "1/2-1/2"]
[WhiteElo "2350"]
[BlackElo "2501"]
[EventDate "2000.11.27"]

1. e4 e5 2. Bc4 Nf6 3. d3 Nc6 4. Nf3 Bc5 5. c3 a6 6. Nbd2 Ba7 7. Bb3 O-O 8.
h3 h6 9. Nf1 d5 10. Qe2 Be6 11. Bc2 Re8 12. Ng3 b5 13. Nh2 Ne7 14. Ng4 Ng6
15. O-O dxe4 16. Nxf6+ Qxf6 17. Nxe4 Qe7 18. a4 f5 19. Qh5 Qf7 20. Ng3 b4
21. d4 Rf8 22. dxe5 b3 23. Bb1 Rad8 24. Be3 Bxe3 25. fxe3 Nxe5 26. Qxf7+
Rxf7 27. Bxf5 Bxf5 28. Rxf5 Nc4 29. Rxf7 Kxf7 30. Ne4 Rd5 31. Kf2 Nxb2 32.
Rb1 Nxa4 33. Rxb3 Nc5 34. Nxc5 Rxc5 35. Ra3 a5 36. Kf3 Ke6 37. Ke4 h5 38.
h4 g6 39. g3 Rc4+ 40. Kd3 Rg4 41. Rxa5 Rxg3 42. Ra4 c6 43. Re4+ Kd6 44.
Rd4+ Ke5 45. Re4+ Kd6 46. Rd4+ Ke5 47. Re4+ Kd6 1/2-1/2

[Event "FIDE WCh Women KO"]
[Site "New Delhi IND"]
[Date "2000.11.27"]
[Round "1.1"]
[White "Chaves,Joa"]
[Black "Manakova,M"]
[Result "0-1"]
[WhiteElo "2057"]
[BlackElo "2369"]
[EventDate "2000.11.27"]

1. e4 c5 2. Nc3 Nc6 3. f4 d6 4. Bb5 Bd7 5. Nf3 g6 6. O-O Bg7 7. d3 Nd4 8.
Bxd7+ Qxd7 9. Nd5 e6 10. Ne3 Ne7 11. c3 Nxf3+ 12. Rxf3 f5 13. Qe1 O-O 14.
Bd2 Rae8 15. Nf1 Nc6 16. Ng3 e5 17. Qd1 fxe4 18. Nxe4 b6 19. fxe5 Nxe5 20.
Rxf8+ Rxf8 21. Qe2 d5 22. Ng5 Qf5 23. d4 cxd4 24. cxd4 Nc4 25. Nf3 Qe4 26.
Re1 Bxd4+ 27. Kh1 Qxe2 28. Rxe2 Bxb2 29. Bh6 Bg7 30. Bxg7 Kxg7 31. Kg1 Kf6
32. Nd4 Rc8 33. Re6+ Kf7 34. Re2 Nd6 35. g3 Ne4 36. Nb5 a6 37. Nd4 Kf6 38.
Nf3 b5 39. Kg2 Rc1 0-1

[Event "FIDE WCh Women KO"]
[Site "New Delhi IND"]
[Date "2000.11.27"]
[Round "1.1"]
[White "Reizniece,D"]
[Black "Bojkovic,N"]
[Result "0-1"]
[WhiteElo "2275"]
[BlackElo "2420"]
[EventDate "2000.11.27"]

1. c4 e5 2. Nc3 Nf6 3. g3 d5 4. cxd5 Nxd5 5. Bg2 Nb6 6. Nf3 Nc6 7. O-O Be7
8. d4 exd4 9. Nb5 Bf6 10. Bf4 Nd5 11. Bc1 Nb6 12. Bf4 Nd5 13. Bc1 O-O 14.
Nbxd4 Nxd4 15. Nxd4 c6 16. e3 Qb6 17. Nb3 Rd8 18. Qe2 a5 19. e4 Nb4 20. Be3
Qc7 21. Bf4 Qe7 22. Rfd1 Be6 23. Rxd8+ Qxd8 24. Nc5 Bxa2 25. Nxb7 Qb6 26.
e5 Be7 27. Nd6 Be6 28. Be3 Qc7 29. Bc5 Rb8 30. Rc1 Nd5 31. f4 Bxd6 32. exd6
Qd7 33. Re1 h6 34. Qe5 Nf6 35. Qc3 Rc8 36. Qxa5 Bd5 37. Qd2 Bxg2 38. Kxg2
Qf5 39. Re5 Qb1 40. Re1 Qa2 41. Re2 Qb3 42. h3 Qc4 43. b4 Ra8 44. Kh2 Ra3
45. Qc2 Rc3 46. Qa2 Qd3 47. Rg2 Ne4 48. Qe2 f5 49. Qa2+ Kh7 50. Qf7 Nxc5
51. bxc5 Rxc5 52. Qc7 Rc1 53. Qa5 Qb1 54. Rf2 Rh1+ 55. Kg2 Rg1+ 56. Kh2
Rh1+ 57. Kg2 Qe4+ 58. Rf3 Rd1 59. g4 fxg4 60. hxg4 Qe2+ 0-1

[Event "FIDE WCh Women KO"]
[Site "New Delhi IND"]
[Date "2000.11.27"]
[Round "1.1"]
[White "Lagvilava,G"]
[Black "Skripchenko,A"]
[Result "0-1"]
[WhiteElo "2318"]
[BlackElo "2450"]
[EventDate "2000.11.27"]

1. e4 c5 2. Nc3 e6 3. g3 d5 4. exd5 exd5 5. Bg2 Nf6 6. d3 d4 7. Ne4 Nxe4 8.
dxe4 Nc6 9. Ne2 Be6 10. Nf4 Bc4 11. Nd3 Bd6 12. O-O O-O 13. f4 f6 14. b3
Bf7 15. f5 Rc8 16. Nf4 Be5 17. Rb1 b5 18. Qg4 Bxf4 19. gxf4 Qd7 20. Kh1 Kh8
21. Bb2 Rfe8 22. Rg1 Bg8 23. Bf3 Rc7 24. Rg2 a5 25. Rbg1 a4 26. Qh5 Qd8 27.
e5 fxe5 28. fxe5 Nxe5 29. Be4 Rf8 30. Bc1 Bd5 31. Bxd5 Qxd5 32. f6 gxf6 33.
Bh6 Rg8 34. Qf5 Rg6 35. Qh5 Rc8 36. Bf4 Rcg8 37. Bg3 Rg5 38. Qe2 axb3 39.
axb3 Nf3 0-1

[Event "FIDE WCh Women KO"]
[Site "New Delhi IND"]
[Date "2000.11.27"]
[Round "1.1"]
[White "Meyer,Mar"]
[Black "Gurieli,N"]
[Result "1-0"]
[WhiteElo "2087"]
[BlackElo "2373"]
[EventDate "2000.11.27"]

1. e4 c6 2. d4 d5 3. exd5 cxd5 4. Bd3 Nc6 5. c3 Nf6 6. Bf4 Bg4 7. Qb3 Qd7
8. Nd2 Nh5 9. Be3 e6 10. Ngf3 Bxf3 11. Nxf3 Bd6 12. O-O O-O 13. Qc2 h6 14.
Qd2 f5 15. Qd1 Qf7 16. Bd2 Nf6 17. Ne1 g5 18. f4 Qg7 19. Kh1 Ne4 20. g3 g4
21. Be3 h5 22. Qe2 Rf6 23. Rg1 Rh6 24. Rc1 Kf7 25. Ng2 Be7 26. Bxe4 dxe4
27. Bf2 Rd8 28. Rgd1 a6 29. Qc4 Qg6 30. Rc2 Rhh8 31. Rcd2 Kg7 32. Ne3 h4
33. d5 hxg3 34. Bxg3 exd5 35. Rxd5 Rhf8 36. Rxd8 Nxd8 37. Rd7 Rf7 38. Qd5
Ne6 39. Rxe7 Rxe7 40. Nxf5+ Kf7 41. Nxe7 Kxe7 42. f5 Qg5 43. Qxe6+ Kd8 44.
Qd6+ Ke8 45. Qg6+ 1-0

[Event "FIDE WCh Women KO"]
[Site "New Delhi IND"]
[Date "2000.11.27"]
[Round "1.1"]
[White "Cmilyte,V"]
[Black "Hoang Thanh Trang"]
[Result "1-0"]
[WhiteElo "2335"]
[BlackElo "2489"]
[EventDate "2000.11.27"]

1. d4 d5 2. c4 c6 3. Nf3 Nf6 4. Nc3 dxc4 5. a4 Bf5 6. e3 e6 7. Bxc4 Nbd7 8.
O-O Bd6 9. Qe2 Ne4 10. Nd2 Nxd2 11. Bxd2 O-O 12. e4 Bg6 13. f4 Bc7 14. f5
exf5 15. exf5 Re8 16. Qf3 Qh4 17. Bf4 Bh5 18. Qf2 Qxf2+ 19. Rxf2 Bb6 20.
Rd2 Bg4 21. a5 Bd8 22. d5 Bxf5 23. a6 b5 24. dxc6 bxc4 25. cxd7 Re7 26.
Rad1 Bg4 27. Nd5 Rxd7 28. Ne7+ Bxe7 29. Rxd7 Bc5+ 30. Kf1 Bxd1 31. Rxd1 Rc8
32. Rc1 Bd4 33. Rc2 Rc6 34. Ke2 h6 35. b4 Re6+ 36. Kd2 Rxa6 37. Rxc4 Bb6
38. Ke2 Ra2+ 39. Bd2 Kh7 40. Rc6 Bd8 1-0

[Event "FIDE WCh Women KO"]
[Site "New Delhi IND"]
[Date "2000.11.28"]
[Round "1.2"]
[White "Uskova,F"]
[Black "Matveeva,S"]
[Result "1/2-1/2"]
[WhiteElo "2285"]
[BlackElo "2440"]
[EventDate "2000.11.27"]

1. e4 e6 2. Qe2 c5 3. Nf3 Nc6 4. g3 g6 5. d3 Bg7 6. c3 Nge7 7. Bg2 d6 8. a4
Rb8 9. O-O O-O 10. Na3 a6 11. Rd1 b5 12. axb5 axb5 13. d4 cxd4 14. cxd4 b4
15. Nc4 d5 16. exd5 Nxd5 17. Bg5 Nce7 18. Qd2 Bb7 19. Na5 Ba8 20. h4 Nf6
21. Bf4 Rb5 22. Nc4 Bd5 23. Qe2 Rb7 24. Ra6 Bxc4 25. Qxc4 Nfd5 26. Be5 Qc8
27. Qe2 Bxe5 28. Nxe5 Rc7 29. Rd2 Rc1+ 30. Kh2 Re1 31. Qxe1 Qxa6 32. h5 Rc8
33. Nd7 Qd6 34. Nc5 Nf6 35. Ne4 Nxe4 36. Bxe4 Rd8 37. Rd1 Nd5 38. Bf3 Nf6
39. h6 Nd5 40. Qe5 Qf8 41. Qg5 Qe7 42. Qe5 Qf8 43. Qg5 Qe7 44. Qc1 Qf8 45.
Kg2 Rc8 46. Qd2 Qd6 47. Rc1 Rxc1 48. Qxc1 Ne7 49. Qc5 Nf5 50. Be4 Qf8 51.
Bxf5 gxf5 52. Kf3 Qxh6 53. Qxb4 Qh1+ 54. Ke3 Kg7 55. Qc3 Kg6 56. b4 Qb1 57.
Ke2 Qe4+ 58. Kd2 Qb1 59. Qc4 Qb2+ 60. Ke3 Qa3+ 61. Ke2 Qb2+ 62. Kf3 Qb1 63.
Ke2 Qb2+ 64. Ke3 Qa3+ 65. Kf4 Qb2 66. Kf3 Qb1 67. Kg2 Qe4+ 68. Kg1 Qb1+ 69.
Kh2 Qe1 70. Kg2 Qe4+ 71. f3 Qe1 72. b5 Qd2+ 73. Kf1 Qd1+ 74. Kg2 Qd2+ 75.
Kh3 Qh6+ 76. Kg2 Qd2+ 77. Kf1 Qd1+ 1/2-1/2

[Event "FIDE WCh Women KO"]
[Site "New Delhi IND"]
[Date "2000.11.28"]
[Round "1.2"]
[White "Lakos,N"]
[Black "Cramling,P"]
[Result "1/2-1/2"]
[WhiteElo "2327"]
[BlackElo "2484"]
[EventDate "2000.11.27"]

1. e4 c5 2. Nf3 e6 3. d4 cxd4 4. Nxd4 a6 5. Bd3 Nf6 6. O-O d6 7. c4 Bd7 8.
Nc3 Nc6 9. Nf3 Be7 10. Bf4 O-O 11. h3 Qb8 12. Qe2 Ne5 13. Rfd1 Rc8 14. Rac1
Be8 15. Nxe5 dxe5 16. Be3 Nd7 17. Na4 b6 18. c5 Nxc5 19. Nxc5 Bxc5 20. Bxa6
Rc7 21. Bxc5 bxc5 22. Bc4 Rb7 23. Rd2 g6 24. Rcd1 Qc7 25. b3 Ra3 26. Rd8
Rb8 27. Qd2 Kg7 28. Rxb8 Qxb8 29. Qb2 Ra7 30. f4 Bc6 31. Re1 Rd7 32. Qxe5+
Qxe5 33. fxe5 Rd4 34. Re2 Bxe4 35. a4 Bd5 36. Bxd5 exd5 37. Rc2 c4 38. bxc4
dxc4 39. a5 Rd5 40. Rxc4 Rxa5 41. Re4 Kf8 42. Kf2 Ke7 43. Kf3 Ke6 44. Kf4
h6 45. h4 Ra2 46. g4 Ra1 47. Rb4 Rf1+ 48. Ke4 Rh1 49. Rb6+ Ke7 50. h5 Rh2
51. Rb7+ Kf8 52. e6 fxe6 53. Ke5 gxh5 54. Kf6 Ke8 55. Kxe6 Kd8 56. gxh5
1/2-1/2

[Event "FIDE WCh Women KO"]
[Site "New Delhi IND"]
[Date "2000.11.28"]
[Round "1.2"]
[White "Meenakshi,S"]
[Black "Zayac,E"]
[Result "0-1"]
[WhiteElo "2226"]
[BlackElo "2378"]
[EventDate "2000.11.27"]

1. c4 e6 2. Nc3 d5 3. cxd5 exd5 4. d4 c6 5. Nf3 Be7 6. Bf4 Bf5 7. e3 Qb6 8.
Qd2 Nf6 9. Na4 Qb4 10. Qxb4 Bxb4+ 11. Nc3 h6 12. a3 Be7 13. h3 Nbd7 14. Kd2
Nb6 15. Ne5 Nfd7 16. Bd3 Bxd3 17. Nxd3 Bd6 18. b3 Bxf4 19. Nxf4 Nf6 20. Nd3
Nc8 21. Na4 Nd6 22. Nac5 Nfe4+ 23. Nxe4 Nxe4+ 24. Ke2 f6 25. Rhc1 Kf7 26.
f3 Nd6 27. Nc5 Rhe8 28. g4 Re7 29. Kd2 Rae8 30. Re1 h5 31. Nd3 g5 32. a4
Rh8 33. Rh1 Kg6 34. Nf2 Reh7 35. gxh5+ Rxh5 36. Rhg1 Re8 37. Rac1 Rh7 38.
Rc3 Nf5 39. Rd3 Nd6 40. Rc3 Kf7 41. Rh1 Re6 42. Kd3 Nf5 43. Kd2 Rh8 44. Rb1
Rhe8 45. Ng4 Nh4 46. Ke2 Ng6 47. Nh6+ Kf8 48. Nf5 Ne7 49. Nxe7 Kxe7 50. Kf2
Kd6 51. Rg1 Rh8 52. Rh1 Re7 53. Kg3 Rh4 54. f4 Reh7 55. Rc2 gxf4+ 56. exf4
Ke6 57. Re2+ Kf5 58. Rf2 R4h6 59. Rf3 Rg6+ 60. Kf2 Rh4 61. Re1 Rg7 62. b4
Rxf4 63. b5 Rxf3+ 64. Kxf3 cxb5 65. axb5 Rc7 66. Ra1 Rc3+ 67. Kg2 Rb3 68.
Rxa7 Rxb5 69. Ra3 Ke4 70. h4 Rb2+ 71. Kg3 Rb1 72. Kg2 f5 73. h5 Rb6 74. Kg3
f4+ 75. Kg4 Rf6 76. Rf3 b5 77. Rf1 f3 78. Kg5 Rf8 79. h6 f2 80. h7 Ke3 81.
Rb1 Ke2 82. Rb2+ Kf3 83. Rb3+ Kg2 84. Rb2 Kg1 85. Rxf2 Kxf2 0-1

[Event "FIDE WCh Women KO"]
[Site "New Delhi IND"]
[Date "2000.11.28"]
[Round "1.2"]
[White "Amura,C"]
[Black "Xu Yuhua"]
[Result "0-1"]
[WhiteElo "2351"]
[BlackElo "2505"]
[EventDate "2000.11.27"]

1. d4 Nf6 2. c4 e6 3. g3 Bb4+ 4. Bd2 Be7 5. Bg2 d5 6. Nf3 O-O 7. b3 dxc4 8.
bxc4 c5 9. e3 Nc6 10. Ne5 cxd4 11. Nxc6 bxc6 12. Bxc6 Rb8 13. O-O Bc5 14.
Qf3 e5 15. exd4 Bxd4 16. Bc3 Bg4 17. Qg2 Rxb1 18. Raxb1 Bxc3 19. Bf3 Bf5
20. Rb3 Bd4 21. Rc1 e4 22. Be2 Qc8 23. g4 Bxg4 24. Bxg4 Nxg4 25. Qxe4 Bxf2+
26. Kg2 f5 27. Qb7 Qe8 28. h3 Qe2 29. Rb2 Qe3 30. hxg4 Qg3+ 31. Kf1 Qg1+
32. Ke2 Re8+ 33. Kd3 Qxc1 0-1

[Event "FIDE WCh Women KO"]
[Site "New Delhi IND"]
[Date "2000.11.28"]
[Round "1.2"]
[White "Khan,A"]
[Black "Khurtsidze,N"]
[Result "1-0"]
[WhiteElo "2257"]
[BlackElo "2418"]
[EventDate "2000.11.27"]

1. Nf3 c5 2. c4 Nc6 3. g3 g6 4. Bg2 Bg7 5. O-O e6 6. Nc3 Nge7 7. d3 O-O 8.
Bd2 h6 9. Rb1 d5 10. a3 a5 11. Nb5 Kh7 12. Qc1 b6 13. Bc3 d4 14. Bd2 e5 15.
b4 Be6 16. Rb2 Qd7 17. Rd1 f5 18. bxc5 bxc5 19. Be1 a4 20. Nd2 Rfd8 21. Qc2
e4 22. Ra2 e3 23. Nf1 f4 24. gxf4 Nf5 25. Ng3 exf2+ 26. Bxf2 Ne3 27. Bxe3
dxe3 28. Ne4 Qe7 29. Rf1 Nd4 30. Nxd4 Bxd4 31. Nc3 Rab8 32. Nd5 Qh4 33. Qd1
Bh3 34. Rf3 Bxg2 35. Kxg2 Qg4+ 36. Rg3 Qe6 37. Ra1 Rb2 38. Rb1 Rd2 39. Qf1
Rd7 40. Rb6 Qf5 41. Kh1 Rxd5 42. cxd5 Qxd5+ 43. Rf3 Ra2 44. f5 gxf5 45. Qh3
Bg7 46. Qh5 Qe5 47. Qg6+ Kh8 48. Rxe3 Ra1+ 49. Kg2 Rg1+ 50. Kxg1 Qxe3+ 51.
Kf1 Qf4+ 52. Kg2 Bd4 53. Qxh6+ 1-0

[Event "FIDE WCh Women KO"]
[Site "New Delhi IND"]
[Date "2000.11.28"]
[Round "1.2"]
[White "Sziva,E"]
[Black "Zhukova,N"]
[Result "1/2-1/2"]
[WhiteElo "2311"]
[BlackElo "2450"]
[EventDate "2000.11.27"]

1. e4 e6 2. d4 d5 3. Nc3 Nf6 4. Bg5 dxe4 5. Nxe4 Nbd7 6. Nf3 h6 7. Nxf6+
Nxf6 8. Bd2 c5 9. Bb5+ Bd7 10. Qe2 Bxb5 11. Qxb5+ Qd7 12. Qxd7+ Nxd7 13.
O-O-O cxd4 14. Nxd4 Bc5 15. Nb5 O-O-O 16. Bf4 Nf6 17. b4 a6 18. bxc5 axb5
19. Rd3 Nd5 20. Bg3 Kd7 21. Rhd1 Ra8 22. a3 Kc6 23. f4 g6 24. Bf2 Ra4 25.
g3 Rha8 26. Kb2 b4 27. axb4 Ra2+ 28. Kc1 Ra1+ 29. Kd2 Rxd1+ 30. Kxd1 Nxb4
31. Rb3 Ra1+ 32. Kd2 Nd5 33. Bd4 Rh1 34. h4 Rh2+ 35. Kc1 Rg2 36. c4 Ne7 37.
Rb6+ Kc7 38. Be5+ Kd8 39. Rb3 Nf5 40. c6 bxc6 41. Rb8+ Kd7 42. Rb7+ Ke8 43.
Rb8+ Kd7 44. Rb7+ 1/2-1/2